00723nam a22001937a 4500003000500000005001700005008004100022010001000063011001000073035001000083040000900093100003300102245015900135260004100294300001000335502013000345650003000475650002400505CHAP20220329142005.0981201d1998 mx r 00110 spa d a76732 a77704 a87386 cCHAP00aTrucios Camarillo, Julián.10aPromoción genérica , una alternativa para incrementar las exportaciones de plátano de la región de Teapa, Tabascoc/por Julián Trucios Camarillo aChapingo, Méx. :bEl autor,c1998. a72 h. aTesis (Lic. en Comercio Internacional de Productos Agropecuarios) -- UACH. División de Ciencias Económico Administrativas14aPlátanoxExportación.14aPlátanoxTabasco.